ARRUPE JESUIT UNIVERSITY

CORONAVIRUS -STOP THE SPREAD - CLEAN,DISINFECT,COVER

La modification butor (Record no. 124348)

MARC details
000 -LEADER
fixed length control field 00482nam a22001577a 4500
008 - FIXED-LENGTH DATA ELEMENTS--GENERAL INFORMATION
fixed length control field 160309b xxu||||| |||| 00| 0 eng d
020 ## - INTERNATIONAL STANDARD BOOK NUMBER
International Standard Book Number 2-218-01824-1
050 ## - LIBRARY OF CONGRESS CALL NUMBER
Classification number PQ2603.U73Z80
100 ## - MAIN ENTRY--PERSONAL NAME
Personal name Lalande, Bernard
9 (RLIN) 22850
245 ## - TITLE STATEMENT
Title La modification butor
Remainder of title analyse critique
Statement of responsibility, etc Bernard Lalande
260 ## - PUBLICATION, DISTRIBUTION, ETC. (IMPRINT)
Place of publication, distribution, etc Paris
Name of publisher, distributor, etc Hatier
Date of publication, distribution, etc 1972
300 ## - PHYSICAL DESCRIPTION
Extent 79p. ;
Dimensions 18cm.
440 ## - SERIES STATEMENT/ADDED ENTRY--TITLE
Title Profile d'une ceuvre
Number of part/section of a work 26
9 (RLIN) 22851
650 ## - SUBJECT ADDED ENTRY--TOPICAL TERM
Topical term or geographic name as entry element Butor,Micheal. La Modification
9 (RLIN) 22852
942 ## - ADDED ENTRY ELEMENTS (KOHA)
Source of classification or shelving scheme Library of Congress Classification
Item type Monograph ( Printed materials)
Holdings
Withdrawn status Lost status Source of classification or shelving scheme Damaged status Not for loan Home library Current library Date acquired Total Checkouts Full call number Barcode Date last seen Price effective from Koha item type
    Library of Congress Classification     ARRUPE LIBRARY ARRUPE LIBRARY 09/03/2016   PQ2603.U73Z80 46500006268 09/03/2016 09/03/2016 Monograph ( Printed materials)

 

Arrupe Library. PO Box MP320 Mt Pleasant, Harare, Zimbabwe
263 242 745411|librarian@aju.ac.zw